[Event "World Cup U18 Girls Prel"]
[Site "Tornelo INT"]
[Date "2021.08.01"]
[Round "10"]
[White "Tan, Kylie"]
[Black "Van Jaarsveld, Anje"]
[Result "0-1"]
[WhiteElo "1369"]
[BlackElo "1312"]
[PlyCount "66"]
[EventDate "2021.08.01"]
[EventType "swiss (rapid)"]
[EventRounds "10"]
[EventCountry "NET"]
[SourceTitle "EXT 2024"]
[Source "ChessBase"]
[SourceDate "2023.10.10"]
[SourceVersion "1"]
[SourceVersionDate "2023.10.10"]
[SourceQuality "1"]

1. d4 d5 2. Nf3 e6 3. Bg5 f6 4. Bh4 Bd6 5. Nbd2 Ne7 6. e3 0-0 7. c3 e5 8. Nb3 Bg4 9. Be2 Nd7 10. Nfd2 Bf5 11. Bg3 a5 12. 0-0 b6 13. Bb5 c6 14. Be2 a4 15. Nc1 c5 16. Bd3 cxd4 17. exd4 Qc7 18. dxe5 fxe5 19. Bxf5 Nxf5 20. Qe2 Rf7 21. Qe1 Raf8 22. Ne2 Nc5 23. Qb1 e4 24. Bxd6 Qxd6 25. Qc2 Nd3 26. Nc1 Nc5 27. Qd1 e3 28. fxe3 Nxe3 29. Qe2 Nxf1 30. Nf3 Nxh2 31. Nxh2 Ne4 32. g4 Rf2 33. Qe3 Qxh2# 0-1

[Event "RSA-ch U14 Girls"]
[Site "Gauteng"]
[Date "2017.04.10"]
[Round "9"]
[White "Moloto, Amogelang"]
[Black "Van Jaarsveld, Anje"]
[Result "1-0"]
[WhiteElo "1075"]
[BlackElo "780"]
[PlyCount "59"]
[EventDate "2017.04.05"]
[EventType "swiss"]
[EventRounds "11"]
[EventCountry "RSA"]
[SourceTitle "CBM 177 Extra"]
[Source "ChessBase"]
[SourceDate "2017.04.27"]
[SourceVersion "1"]
[SourceVersionDate "2017.04.27"]
[SourceQuality "1"]

1. e4 e6 2. Nf3 d5 3. Nc3 Nf6 4. e5 Nfd7 5. d4 Bb4 6. Bd2 c6 7. Ne2 Qb6 8. Rb1 0-0 9. Bxb4 Qxb4+ 10. c3 Qe7 11. Nf4 f6 12. g3 b6 13. Bd3 c5 14. exf6 Nxf6 15. Ng5 h6 16. Ng6 Qf7 17. Nxf7 Rxf7 18. Qc2 Nbd7 19. 0-0 Bb7 20. Bb5 Nf8 21. Rbe1 c4 22. Nxf8 Raxf8 23. Rxe6 a6 24. Bc6 Bxc6 25. Rxc6 Ng4 26. Re6 Rf5 27. h3 Nxf2 28. Rxf2 Rxf2 29. Qxf2 Rxf2 30. Kxf2 1-0

[Event "RSA-ch U14 Girls"]
[Site "Gauteng"]
[Date "2017.04.07"]
[Round "4"]
[White "Van Jaarsveld, Anje"]
[Black "Brugman, Karla"]
[Result "1-0"]
[WhiteElo "780"]
[BlackElo "1319"]
[PlyCount "67"]
[EventDate "2017.04.05"]
[EventType "swiss"]
[EventRounds "11"]
[EventCountry "RSA"]
[SourceTitle "CBM 177 Extra"]
[Source "ChessBase"]
[SourceDate "2017.04.27"]
[SourceVersion "1"]
[SourceVersionDate "2017.04.27"]
[SourceQuality "1"]

1. e4 e5 2. Nf3 d6 3. d4 Nd7 4. Bc4 c6 5. 0-0 Be7 6. dxe5 dxe5 7. Be3 Ngf6 8. Nc3 0-0 9. Qe2 Qc7 10. Rad1 h6 11. h3 Re8 12. Nh4 Nf8 13. f4 exf4 14. Bxf4 Qb6+ 15. Kh1 Be6 16. Be5 Qc5 17. Bxe6 Nxe6 18. Bxf6 Bxf6 19. Nf5 Be5 20. Qg4 Kh8 21. Rd7 Qc4 22. Rf3 Ng5 23. Rf2 Rab8 24. Qh5 Qe6 25. Rd3 Qg6 26. Qh4 Bxc3 27. bxc3 Nxe4 28. Rf4 Nf6 29. Rg3 Qh5 30. Nxg7 Qxh4 31. Rxh4 Re1+ 32. Kh2 Kh7 33. Nf5 Rg8 34. Rxh6# 1-0

[Event "RSA-ch U14 Girls"]
[Site "Gauteng"]
[Date "2017.04.06"]
[Round "3"]
[White "Van Jaarsveld, Anje"]
[Black "Bouwer, Dane"]
[Result "1-0"]
[WhiteElo "780"]
[BlackElo "929"]
[PlyCount "113"]
[EventDate "2017.04.05"]
[EventType "swiss"]
[EventRounds "11"]
[EventCountry "RSA"]
[SourceTitle "CBM 177 Extra"]
[Source "ChessBase"]
[SourceDate "2017.04.27"]
[SourceVersion "1"]
[SourceVersionDate "2017.04.27"]
[SourceQuality "1"]

1. e4 e5 2. Nf3 Nc6 3. Bb5 a6 4. Ba4 Nf6 5. 0-0 Bc5 6. c3 0-0 7. Re1 d6 8. d4 exd4 9. cxd4 Bb6 10. Nc3 Bg4 11. Bc2 Nxd4 12. Be3 Nxc2 13. Qxc2 Ba5 14. Nd2 h6 15. Nc4 Bxc3 16. Qxc3 Nxe4 17. Qd4 Bf5 18. Nd2 Nxd2 19. Bxd2 Re8 20. Bc3 Qg5 21. h3 Bxh3 22. g3 f6 23. Qa4 Qd5 24. f3 Qxf3 25. Qc2 Qxg3+ 26. Kh1 Re3 27. Bxf6 Rae8 28. Rxe3 Rxe3 29. Bxg7 Re1+ 30. Rxe1 Qxe1+ 31. Kh2 Kxg7 32. Kxh3 Qe6+ 33. Kh2 d5 34. Qxc7+ Kg6 35. Qxb7 Qe5+ 36. Kg1 a5 37. Qa6+ Kg5 38. Qxa5 h5 39. b4 h4 40. a4 Kg4 41. Qc5 h3 42. Qf2 Qa1+ 43. Kh2 Qc3 44. b5 Qb4 45. Qg3+ Kf5 46. Qxh3+ Ke5 47. Qh5+ Kd6 48. Qh6+ Kd7 49. Qc6+ Ke7 50. Qxd5 Qxa4 51. Qc5+ Kd7 52. Qc6+ Ke7 53. Qc7+ Ke6 54. b6 Qd7 55. Qc4+ Ke7 56. Qe4+ Kd8 57. b7 1-0